[Event "Vall del Tenes op 5th"]
[Site "Vall del Tenes"]
[Date "2016.04.08"]
[Round "1"]
[White "Nicomedes Carmona, Jose"]
[Black "Simon del Sol, Jaume"]
[Result "0-1"]
[WhiteElo "1724"]
[BlackElo "1922"]
[PlyCount "118"]
[EventDate "2016.04.08"]
[EventType "swiss"]
[EventRounds "8"]
[EventCountry "ESP"]
[SourceTitle "CBM 172 Extra"]
[Source "ChessBase"]
[SourceDate "2016.06.21"]
[SourceVersion "1"]
[SourceVersionDate "2016.06.21"]
[SourceQuality "1"]

1. e4 c5 2. Nc3 Nc6 3. a3 g6 4. Bc4 Bg7 5. d3 a6 6. Bd2 Nf6 7. Nf3 d6 8. h3 0-0 9. Nh2 Be6 10. Bxe6 fxe6 11. 0-0 Nh5 12. Qc1 Nd4 13. Be3 Rc8 14. Qd2 Qe8 15. Rab1 b5 16. Ne2 Nxe2+ 17. Qxe2 Nf4 18. Bxf4 Rxf4 19. g3 Rf8 20. Ng4 c4 21. Qe3 e5 22. f4 exf4 23. Rxf4 Rxf4 24. gxf4 cxd3 25. Qxd3 Qc6 26. c3 Qc4 27. Rd1 h5 28. Ne3 Qxd3 29. Rxd3 Bh6 30. Nd5 Kf7 31. Kf2 e6 32. Nb4 a5 33. Nc2 Bxf4 34. Ne3 Be5 35. Nc2 g5 36. Nd4 Bxd4+ 37. Rxd4 Ke7 38. Kg2 Rc4 39. Kf3 Kd7 40. Rd2 Rc8 41. Rg2 Rg8 42. Ke3 Ke7 43. b3 Kf6 44. Kd4 Rc8 45. Rf2+ Ke7 46. Rg2 Rc5 47. b4 axb4 48. axb4 Re5 49. Rg3 g4 50. hxg4 Rg5 51. Ke3 hxg4 52. Kf4 Kf6 53. Rxg4 Rxg4+ 54. Kxg4 Ke5 55. Kf3 d5 56. Ke3 dxe4 57. c4 bxc4 58. b5 c3 59. b6 Kd6 0-1

[Event "Moia MC 4th"]
[Site "Moia"]
[Date "2015.11.13"]
[Round "9"]
[White "Simon del Sol, Jaume"]
[Black "Prats Rodriguez, Juan Bosco"]
[Result "1/2-1/2"]
[WhiteElo "1920"]
[BlackElo "1995"]
[PlyCount "67"]
[EventDate "2015.09.18"]
[EventType "tourn"]
[EventRounds "9"]
[EventCountry "ESP"]
[SourceTitle "EXT 2017"]
[Source "ChessBase"]
[SourceDate "2016.10.25"]
[SourceVersion "1"]
[SourceVersionDate "2016.10.25"]
[SourceQuality "1"]

1. c4 e5 2. g3 Nc6 3. Bg2 d6 4. Nc3 Be6 5. d3 Qd7 6. b4 g6 7. b5 Nd8 8. e3 Bg7 9. Nge2 Ne7 10. Rb1 0-0 11. 0-0 Bh3 12. Ba3 Bxg2 13. Kxg2 Ne6 14. Nd5 f5 15. Nxe7+ Qxe7 16. Nc3 f4 17. Nd5 Qf7 18. gxf4 exf4 19. Qf3 Rae8 20. Rbe1 g5 21. Kh1 h5 22. h3 Be5 23. Rg1 fxe3 24. Qxe3 Qxf2 25. Rxg5+ Ng7 26. Qxf2 Rxf2 27. Nxc7 Re7 28. d4 Rh2+ 29. Kg1 Bxd4+ 30. Kxh2 Rxe1 31. Bxd6 Re2+ 32. Rg2 Rxg2+ 33. Kxg2 Nf5 34. Bf4 1/2-1/2

[Event "Moia MC 4th"]
[Site "Moia"]
[Date "2015.10.30"]
[Round "7"]
[White "Simon del Sol, Jaume"]
[Black "Parramon Ros, Francesco"]
[Result "0-1"]
[WhiteElo "1920"]
[BlackElo "2064"]
[PlyCount "82"]
[EventDate "2015.09.18"]
[EventType "tourn"]
[EventRounds "9"]
[EventCountry "ESP"]
[SourceTitle "EXT 2017"]
[Source "ChessBase"]
[SourceDate "2016.10.25"]
[SourceVersion "1"]
[SourceVersionDate "2016.10.25"]
[SourceQuality "1"]

1. c4 Nf6 2. Nc3 e6 3. e4 d6 4. d4 Be7 5. Nf3 c5 6. d5 exd5 7. cxd5 Bg4 8. Qb3 0-0 9. Qxb7 Nbd7 10. Be2 Re8 11. 0-0 Bf8 12. Bg5 h6 13. Bh4 g5 14. Bg3 Nxe4 15. Nxe4 Rxe4 16. Rfe1 Rb8 17. Qa6 Rxb2 18. Bd3 Rxe1+ 19. Rxe1 Qb6 20. Qc4 Qb4 21. Qc1 Bxf3 22. gxf3 Qd2 23. Qxd2 Rxd2 24. Bb5 Nf6 25. Bc6 Rxa2 26. Rb1 a5 27. Rb8 Kg7 28. Rd8 a4 29. Bxd6 Bxd6 30. Rxd6 a3 31. Rd8 Nh5 32. Bb5 Ra1+ 33. Bf1 a2 34. Ra8 Kf6 35. Ra6+ Ke7 36. d6+ Kd7 37. Kg2 Nf4+ 38. Kg1 c4 39. h4 c3 40. hxg5 hxg5 41. Kh2 Rxf1 0-1

[Event "Moia MC"]
[Site "Moia"]
[Date "2014.11.07"]
[Round "8"]
[White "Simon del Sol, Jaume"]
[Black "Ribera Sellares, Pere"]
[Result "1/2-1/2"]
[WhiteElo "1949"]
[BlackElo "2028"]
[PlyCount "61"]
[EventDate "2014.09.19"]
[EventType "tourn"]
[EventRounds "9"]
[EventCountry "ESP"]
[SourceTitle "EXT 2016"]
[Source "ChessBase"]
[SourceDate "2015.10.08"]
[SourceVersion "1"]
[SourceVersionDate "2015.10.08"]
[SourceQuality "1"]

1. d4 Nf6 2. Nf3 e6 3. Bg5 d5 4. e3 Be7 5. Nbd2 b6 6. Bb5+ c6 7. Bd3 Bb7 8. 0-0 Nbd7 9. c4 c5 10. Rc1 0-0 11. Bb1 dxc4 12. Nxc4 Ne4 13. Bxe7 Qxe7 14. Nce5 Nxe5 15. Nxe5 cxd4 16. Bxe4 Bxe4 17. Qxd4 Bb7 18. Qf4 Rac8 19. Rxc8 Rxc8 20. Rd1 f6 21. Nf3 Qd7 22. Qd4 Qxd4 23. Nxd4 Kf7 24. f3 Ke7 25. Rd2 Rc5 26. Kf2 g6 27. e4 e5 28. Ne2 Rc7 29. Nc3 Rd7 30. Rxd7+ Kxd7 31. Ke3 1/2-1/2